000 00659nam a2200205Ii 4500
003 JO-AjNU
008 230605s9999||||xx |||||||||||||| ||und||
040 _aJO-AjNU
_bara
_erda
_cJO-AjNU
041 _aara
050 1 4 _aBP192.K37 1997
100 3 _aالكاتب، أحمد,
_eauthor
_919404
245 0 0 _aتطور الفكر السياسي الشيعي من الشورى الى ولاية الفقيه
250 _aط1
264 3 1 _aعمان: المؤلف، 1993
300 _a448ص
336 _atext
_btxt
_2rdacontent
337 _aunmediated
_bn
_2rdamedia
338 _avolume
_bnc
_2rdacarrier
650 4 _aالامامة عند الشيعة
_919405
999 _aA6398
_c9966
_d9966